| 000 | 00000nam 2200000za 4500 |
| 001 | 9.643760 |
| 003 | CaOODSP |
| 005 | 20240624082226 |
| 007 | cr ||||||||||| |
| 008 | 150407s1964 onca #o f000 0 fre d |
| 040 | |aCaOODSP|bfre |
| 043 | |an-cn--- |
| 086 | 1 |aZ1-1961/2F-PDF |
| 245 | 00|aRapport de la Commission royale d'enquête sur le système bancaire et financier |h[ressource électronique] / |cDana Harris Porter, président. |
| 260 | |a[Ottawa] : |bCommission royale d'enquête sur le système bancaire et financier, |c1964. |
| 300 | |a169, 160, 148, 171 p. : |bill. |
| 500 | |aÉdition numérisée de l’imprimé [par le Bureau du Conseil privé du Canada]. |
| 590 | |a15-04-Supp|b2015-03-19 |
| 691 | 07|aCommission d'enquête|2gcpds |
| 691 | 07|aFinances|2gcpds |
| 691 | 07|aOpération bancaire|2gcpds |
| 710 | 1 |aCanada. |bBureau du Conseil privé. |
| 710 | 1 |aCanada. |bCommission royale d'enquête sur le système bancaire et financier. |
| 775 | 08|tReport of the Royal Commission on Banking and Finance |w(CaOODSP)9.699802 |
| 856 | 40|ahttp://publications.gc.ca|qPDF|s11.84 Mo|uhttps://publications.gc.ca/collections/collection_2014/bcp-pco/Z1-1961-2-3-fra.pdf |
| 856 | 40|ahttp://publications.gc.ca|qPDF|s13.33 Mo|uhttps://publications.gc.ca/collections/collection_2014/bcp-pco/Z1-1961-2-1-fra.pdf |
| 856 | 40|ahttp://publications.gc.ca|qPDF|s13.73 Mo|uhttps://publications.gc.ca/collections/collection_2014/bcp-pco/Z1-1961-2-4-fra.pdf |
| 856 | 40|ahttp://publications.gc.ca|qPDF|s12.65 Mo|uhttps://publications.gc.ca/collections/collection_2014/bcp-pco/Z1-1961-2-2-fra.pdf |